01006nam a2200217Ia 4500003000900000008004100009020001600050040001600066080002300082111010000105245023600205260003700441300001500478490002600493650004500519700004200564710003700606942000700643999001700650952012100667IN-BaIIA211028s9999 xx 000 0 eng d a2-9512397-0 cIIA Library a082.2:52bIAU-S181 aSymposium of the International Astronomical Unionn181stcFranced1996 Sept. 30 - Oct. 3922033 0aSounding solar and stellar interiorsbproceedings of the IAU symposium no.181 held at Nice, France from September 30 - October 3, 1996cedited by J. Provost and Francois-Xavier Schmider  aFrancebUniversite de Nicec1998 axiv, 294p. aIAU Symposium; no.181 aStellar interiors, Solar interior922034 aSchmider, Francois-Xavier, ed.922035 aInternational Astronomical Union cBK c12575d12575 00104070aBANbBANcGENd1998-07-23l0o082.2:52/ IAU-S181p13492r2021-11-05w1998-07-23yBKGFF 180.00